| 000 | 00566nam a2200181Ia 4500 | ||
|---|---|---|---|
| 008 | 090630s9999 xx 000 0 und d | ||
| 082 | _b12232 | ||
| 100 | _aआपटे ह. ना. | ||
| 245 |
_aमायेचा बाजार. _cआपटे ह. ना. |
||
| 260 |
_bरम्यकथा. _c1973 |
||
| 300 | _a508 | ||
| 600 | _aआपटे ह. ना. | ||
| 630 | _aमायेचा बाजार. | ||
| 655 | _aकादंबरी. | ||
| 700 | _aआपटे ह. ना. | ||
| 730 | _aमायेचा बाजार. | ||
| 942 | _cBOOK | ||
| 999 |
_c264088 _d264088 |
||